000 00714nam a2200265Ia 4500
005 20250425161927.0
008 250425s9999 xx 000 0 und d
041 _aspa
043 _ack
082 _a658.91618
100 _aFUNDACION RESTREPO, BARCO
245 0 _aGUIA PARA EL MEJORAMIENTO DE UNA UNIDAD GINECOOBSTETRICA
250 _a1A ED.
260 _aBOGOTA
260 _aColombia
_bFUNDACION ANTONIO RESTREPO BARCO
_c1992
300 _a147
500 _aSERIE GEHOS No.8
650 _aADMINISTRACION DE LA SALUD
650 _aGUIAS
650 _aMEJORAMIENTO TECNICO
650 _aUNIDAD GINECOBSTETRICA
710 _aFUNDACION ANTONIO RESTREPO BARCO
942 _c01
010 _a35211
999 _c219011
_d219011